Hokey Pokey Clicky-oke Quiz Stats

 Plays Quiz Updated Sep 16, 2014

Challenge
Share
Tweet
Embed
Score 0/28 Timer 02:00
0 Plays Today
% Correct
it's all about
91.9%
it's all about
91.7%
you put your right hand out
91.6%
you put your left hand out
91.4%
it's all about
91.4%
it's all about
91.1%
you put your right foot out
90.7%
and you turn yourself around
90.5%
you put your left foot out
89.9%
and you turn yourself around
89.9%
and you turn yourself around
89.9%
and you shake it all about
89.3%
and you shake it all about
89.3%
it's all about
89%
% Correct
you put your head out
88.4%
and you turn yourself around
88%
and you shake it all about
87.7%
it's all about
86.8%
you put your butt out
86.8%
and you shake it all about
86.6%
and you turn yourself around
86.6%
and you turn yourself around
84.4%
you put your whole self out
83.8%
and you shake it all about
83.7%
and you shake it all about
83.1%
and you shake it all about
82.6%
it's all about
81.2%
and you turn yourself around
77.1%

You're not logged in!

Compare scores with friends on all Sporcle quizzes.
Join for Free
OR
Log In

You Might Also Like...

Show Comments

Extras

Top Quizzes Today


Score Distribution

Your Account Isn't Verified!

In order to create a playlist on Sporcle, you need to verify the email address you used during registration. Go to your Sporcle Settings to finish the process.

Report this User

Report this user for behavior that violates our Community Guidelines.

Details: